书目信息 |
| 题名: |
聚合物电子显微术
|
|
| 作者: | 杨序纲 著 | |
| 分册: | ||
| 出版信息: | 北京 化学工业出版社 2015.02 |
|
| 页数: | 258页 | |
| 开本: | 21cm | |
| 丛书名: | ||
| 单 册: | ||
| 中图分类: | TB324 | |
| 科图分类: | ||
| 主题词: | 聚合物--ju he wu--高分子材料--电子显微术 | |
| 电子资源: | ||
| ISBN: | 978-7-122-21947-3 | |
| 000 | 00930nam0 2200253 450 | |
| 001 | CAL 0120151511689 | |
| 005 | 20150807082231.75 | |
| 010 | @a978-7-122-21947-3@b精装@dCNY48.00 | |
| 100 | @a20150305d2015 em y0chiy50 ea | |
| 101 | 0 | @achi |
| 102 | @aCN@b110000 | |
| 105 | @aa a 000yy | |
| 106 | @ar | |
| 200 | 1 | @a聚合物电子显微术@Aju he wu dian zi xian wei shu@f杨序纲著 |
| 210 | @a北京@c化学工业出版社@d2015.02 | |
| 215 | @a258页@c图@d21cm | |
| 320 | @a有书目 | |
| 330 | @a本书首先阐明与高聚物材料相关的电子显微术特殊问题, 随后扼要叙述与电镜成像原理和图像解析相关的基本概念。主要篇幅用于阐述适用于聚合物材料的透射电子显微术和扫描电子显微术, 包括各种图像衬度机理、试样制备技术以及与图像和谱图解析相关的问题。 | |
| 586 | @a | |
| 606 | 0 | @a聚合物@Aju he wu@x高分子材料@x电子显微术 |
| 690 | @aTB324@v5 | |
| 701 | 0 | @a杨序纲@Ayang xu gang@4著 |
| 801 | 0 | @aCN@c20150820 |
| 905 | @a河南城建学院图书馆@dTB324@eY302@f3 | |
| 聚合物电子显微术/杨序纲著.-北京:化学工业出版社,2015.02 |
| 258页:图;21cm |
| ISBN 978-7-122-21947-3(精装):CNY48.00 |
| 本书首先阐明与高聚物材料相关的电子显微术特殊问题, 随后扼要叙述与电镜成像原理和图像解析相关的基本概念。主要篇幅用于阐述适用于聚合物材料的透射电子显微术和扫描电子显微术, 包括各种图像衬度机理、试样制备技术以及与图像和谱图解析相关的问题。 |
| ● |
| 相关链接 |
|
|
|
正题名:聚合物电子显微术
索取号:TB324/Y302
 
预约/预借
| 序号 | 登录号 | 条形码 | 馆藏地/架位号 | 状态 | 备注 |
| 1 | 1162899 | 211628997 | 期刊室512/501自科库 13排2列1层/ [索取号:TB324/Y302] | 在馆 | |
| 2 | 1162900 | 211629004 | 自科库501/501自科库 13排2列1层/ [索取号:TB324/Y302] | 在馆 | |
| 3 | 1162901 | 211629013 | 自科库501/501自科库 13排2列1层/ [索取号:TB324/Y302] | 在馆 |